000 00333cam a2200121ua 4500
082 _a330.9
_bGON/SA
100 _aGonung, M .
_91726
245 _aSamshiptha Loka Sambathika Bhoomisastram /
250 _a1 /
260 _aTrivandrum :
_bPrabhatham Printing and Publishing Co. Pvt. Ltd. ,
_c1966.
300 _a228 ; .
942 _cBK
999 _c6562
_d6562